Normal view MARC view
  • Hearn, Lafcadio,

Entry Nombre Personal

Number of records used in: 2

001 - NUMERO DE CONTROL

  • campo de control: 37642

003 - IDENTIFICADOR DE NUMERO DE CONTROL

  • campo de control: UPN

005 - FECHA Y HORA DE LA ÜLTIMA TRANSACCIÓN

  • campo de control: 20210219194527.0

008 - DATOS DE LONGITUD FIJA

  • campo de control de longitud fija: nabaccnnaabn|||||||||| b |nc|||||d

035 ## - NUMERO DE CONTROL

  • Número de control: UPN11000009749

040 ## - FUENTE DE CATALOGACIÓN

  • Lenguaje de catalogación: SPA
  • Agencia de transcripción: UPN

053 #4 - NÚMERO DE CLASIFICACIÓN LC

  • Número de clasificación elemento-número único o número inicial de tramo: PS1915
  • Número de clasificación número de tramo final del elemento: PS1918

100 1# - ENCABEZAMIENTO - NOMBRE PERSONAL

  • Nombre personal: Hearn, Lafcadio,
  • Fechas asociadas con el nombre: 1850-1904

500 1# - MENCIÓN DE REFERENCIA “VÉASE ADEMÁS”- NOMBRE DE PERSONA

  • Personal name: Yakumo, Koizumi,
  • Dates associated with a name: 1850-1904

680 ## - NOTA PUBLICA DE ACCESO PÚBLICO

  • Encabezamiento o subdivisión: Escritor internacional conocido por sus libros sobre Japón, especialmente sus colecciones de leyendas japonesas e historia de fantasmas

902 ## - CATALOGADOR

  • Catalogador: CAA/101915